| Tag |
First Indicator |
Second Indicator |
Subfields |
| LEADER |
00000cam a2200000 a 4500 |
| 001 |
in00001705723 |
| 005 |
20151024163801.0 |
| 008 |
020117s2002 ilu b s001 0 eng |
| 010 |
|
|
|a 2002018755
|
| 020 |
|
|
|a 0809324490 (pbk. : alk. paper)
|
| 035 |
|
|
|a (OCoLC)ocm48876626
|
| 040 |
|
|
|a DLC
|c DLC
|d UtOrBLW
|
| 049 |
|
|
|a TXAM
|
| 050 |
0 |
0 |
|a PE1404
|b .C346 2002
|
| 082 |
0 |
0 |
|a 808/.042/0711
|2 21
|
| 100 |
1 |
|
|a Carroll, Lee Ann,
|d 1946-
|
| 245 |
1 |
0 |
|a Rehearsing new roles :
|b how college students develop as writers /
|c Lee Ann Carroll.
|
| 264 |
|
1 |
|a Carbondale :
|b Southern Illinois University Press,
|c [2002]
|
| 264 |
|
4 |
|c ©2002
|
| 300 |
|
|
|a xvi, 166 pages ;
|c 22 cm.
|
| 336 |
|
|
|a text
|b txt
|2 rdacontent
|
| 337 |
|
|
|a unmediated
|b n
|2 rdamedia
|
| 338 |
|
|
|a volume
|b nc
|2 rdacarrier
|
| 490 |
1 |
|
|a Studies in writing & rhetoric
|
| 504 |
|
|
|a Includes bibliographical references (pages 157-160) and index.
|
| 650 |
|
0 |
|a English language
|x Rhetoric
|x Study and teaching.
|
| 650 |
|
0 |
|a Report writing
|x Study and teaching (Higher)
|
| 830 |
|
0 |
|a Studies in writing & rhetoric.
|
| 945 |
|
|
|i PromptCat
|
| 948 |
|
|
|a cataloged
|b h
|c 2002/10/30
|d c
|e dmitchel
|f 10:04:04 am
|
| 994 |
|
|
|a 92
|b TXA
|
| 999 |
|
|
|a MARS
|
| 999 |
f |
f |
|s c2b1939b-0d3d-38cb-b96d-f0ffc95e7247
|i c3399e32-949d-37e2-bdbc-d74836f85cf7
|t 0
|
| 952 |
f |
f |
|p normal
|a Texas A&M University
|b College Station
|c Sterling C. Evans Library
|d Evans: Library Stacks
|t 0
|e PE1404 .C346 2002
|h Library of Congress classification
|i unmediated -- volume
|m A14829433659
|
| 998 |
f |
f |
|a PE1404 .C346 2002
|t 0
|l Evans: Library Stacks
|